| 000 | 00913nam a2200241 a 4500 | ||
|---|---|---|---|
| 001 | 41250 | ||
| 003 | BD-RjUL | ||
| 005 | 20211209053344.0 | ||
| 008 | 160518s1973 ii a|||| |||| 00| 0 ben d | ||
| 020 | _c: Tk. 15.00 | ||
| 035 | _a(BD-RjUL) 41367 | ||
| 040 |
_aBD-RjUL _bben _cBD-RjUL |
||
| 041 | _aben | ||
| 082 |
_223 _a298.3 _bSAA 1973 |
||
| 100 |
_aসান্যাল, নারায়ণ _9126912 |
||
| 245 | 1 | 0 |
_aঅপরূপা অজন্তা : _bরবীন্দ্র পুরস্কার-ধন্য : ১৩৭৫ / _cনারায়ণ সান্যাল |
| 250 | _a৩য় সং. | ||
| 260 |
_aকলিকাতা : _bভারতীয় বুক স্টল, _c১৯৭৩ |
||
| 300 |
_a[৬], ২১০ পৃ. : _bচিত্র ; _c২৪ সেমি. |
||
| 650 |
_aবৌদ্ধধর্ম _9126913 |
||
| 650 |
_aBuddhism _9126914 |
||
| 942 |
_2ddc _cBK |
||
| 999 |
_c41250 _d41250 |
||